[Event "DEN-ch Seniors 2018"]
[Site "Hvidovre"]
[Date "2018.02.15"]
[Round "4"]
[White "Lilja, Richard"]
[Black "Baliuniene, Margarita"]
[Result "1-0"]
[WhiteElo "2086"]
[BlackElo "1881"]
[Annotator "NA RC"]
[PlyCount "83"]
[EventDate "2018.??.??"]
[EventType "tourn"]
[EventCountry "DEN"]
[SourceTitle "playchess.com"]
[Source "ChessBase"]
[SourceQuality "1"]
[TimeControl "40/5400+30:1800+30"]

{[%evp 8,82,23,-8,26,4,10,-30,-12,-14,-12,-46,-37,-62,-4,-68,-61,-71,50,-61,-36,-84,-74,-158,-152,-130,-145,-142,-142,-144,-152,-142,-139,-139,-142,-129,-119,-131,-112,-96,-105,-108,-96,-107,0,0,0,50,507,654,835,921,856,1024,808,1105,32767,1176,1158,1140,1158,1140,1269,1201,5526,1424,1290,1339,1251,1741,1843,5506,29994,29990,29994,29990,29990]} 1. e4 {[%emt 0:00:00]} c5 {[%emt 0:00:04]} 2. Nc3 {[%emt 0:00:00]} g6 {[%emt 0:00:24]} 3. f4 {[%emt 0:00:39]} Bg7 {[%emt 0:00:15]} 4. Nf3 {[%emt 0:00:07]} a6 {[%emt 0:01:41] LiveBook: 16 Games} 5. Be2 {[%emt 0:03:26]} e6 {[%emt 0:02:47]} 6. O-O {[%emt 0:00:56] B23: Closed Sicilian: Lines without g3} Ne7 {[%emt 0:00:13]} 7. d3 {[%emt 0:00:57]} O-O {[%emt 0:00:29]} 8. Qe1 {[%emt 0:02:56]} d5 $146 {[%emt 0:04:07]} ({Find the theoretical novelty and annotate with similar games:} 8... f5 9. h4 Nbc6 10. h5 Nd4 11. hxg6 Nxg6 12. Bd1 b5 13. Qg3 Bb7 {0-1 (58) Ciotoli,P-Colombo,P (2170) Italy 1996}) 9. Kh1 {[%emt 0:13:50]} Nbc6 {[%emt 0:01:40]} 10. Qh4 {[%emt 0:07:47]} f5 {[%emt 0:04:25]} ({Better is} 10... Nd4 $15 11. f5 (11. Ng5 $2 h6 $19) 11... exf5) 11. Qf2 {[%emt 0:26:12]} ({Much weaker is} 11. Ng5 h6 $17) (11. e5 $11) 11... Nd4 {[%emt 0:03:31]} 12. Bd1 {[%emt 0:05:20]} b5 {[%emt 0:04:16] [#]} ({Black should try} 12... fxe4 $17 13. dxe4 Bd7) 13. exd5 {[%emt 0:03:12]} (13. e5 $1 $16) 13... exd5 {[%emt 0:02:34]} 14. Nxd4 {[%emt 0:04:03]} Bxd4 {[%emt 0:00:18]} 15. Be3 {[%emt 0:00:07]} (15. Qf3 $15) 15... Bxe3 {[%emt 0:03:28]} 16. Qxe3 {[%emt 0:00:05]} d4 {[%emt 0:00:50]} 17. Qf3 {[%emt 0:00:07]} Rb8 {[%emt 0:05:02]} ({Not} 17... dxc3 18. Qxa8 cxb2 19. Rb1 $11) 18. Nb1 {[%emt 0:05:55]} Nd5 {[%emt 0:00:59]} 19. Qg3 {[%emt 0:02:35]} Ne3 {[%emt 0:00:42]} 20. Rg1 {[%emt 0:03:13]} Bb7 {[%emt 0:03:36]} 21. Nd2 {[%emt 0:01:16]} Re8 {[%emt 0:01:24]} 22. Nf3 {[%emt 0:04:36]} Nxd1 {[%emt 0:10:40]} 23. Raxd1 {[%emt 0:00:19]} Re2 {[%emt 0:00:31]} 24. Rde1 {[%emt 0:04:34]} Rxc2 {[%emt 0:03:58]} 25. Re5 {[%emt 0:02:34] [#]} Qf6 {[%emt 0:17:22]} ({Black should play} 25... Bxf3 $1 $17 26. gxf3 c4 27. Rxf5 cxd3) 26. Rge1 {[%emt 0:02:01]} Rf8 {[%emt 0:02:58]} ({Don't take} 26... Rxb2 27. Qh3 $17) (26... Bxf3 $5 27. Qxf3 Rf8 $15) 27. Re6 {[%emt 0:01:36]} Qf7 $2 {[%emt 0:05:14]} (27... Qd8 {ist zäher.}) 28. Re7 {[%emt 0:01:45]} Qd5 {[%emt 0:00:26]} 29. Qh4 {[%emt 0:00:39]} Rf7 {[%emt 0:14:39]} 30. Rxf7 {[%emt 0:00:07]} Qxf7 {[%emt 0:00:02]} 31. Qd8+ {[%emt 0:01:16]} Qf8 {[%emt 0:00:28]} 32. Re8 {[%emt 0:00:10]} Rc1+ {[%emt 0:00:05]} 33. Ng1 {[%emt 0:00:32]} Qxe8 {[%emt 0:00:27]} 34. Qxe8+ {[%emt 0:00:08]} Kg7 {[%emt 0:00:06]} 35. Qe7+ {[%emt 0:00:28]} Kh6 {[%emt 0:00:04]} 36. Qxb7 {[%emt 0:00:53]} (36. Qf8+ $142 Kh5 37. Qg7 h6 38. Qxb7 g5 39. fxg5 Kxg5 40. Qxa6 Rd1 41. Qxb5) 36... c4 {[%emt 0:00:04]} 37. dxc4 {[%emt 0:01:39]} bxc4 {[%emt 0:00:07]} 38. Qb4 {[%emt 0:00:56]} d3 {[%emt 0:00:17]} 39. h3 {[%emt 0:00:35]} Rc2 {[%emt 0:00:21]} 40. Nf3 {[%emt 0:00:43]} c3 {[%emt 0:30:17]} 41. bxc3 {[%emt 0:30:40]} d2 {[%emt 0:00:01]} 42. Nxd2 {[%emt 0:00:19]} 1-0

[Event "DEN-ch Seniors 2018"]
[Site "Hvidovre"]
[Date "2018.02.15"]
[Round "4"]
[White "Hvenekilde, Jorgen"]
[Black "Petersen, Peter Birk"]
[Result "1/2-1/2"]
[WhiteElo "2044"]
[BlackElo "2130"]
[Annotator "TA"]
[PlyCount "28"]
[EventDate "2018.??.??"]
[EventType "tourn"]
[EventCountry "DEN"]
[SourceTitle "playchess.com"]
[Source "ChessBase"]
[SourceQuality "1"]

{[%evp 24,28,0,0,0,-8,8]} 1. e4 c5 2. Nf3 e6 3. d4 cxd4 4. Nxd4 Nc6 5. Nc3 Qc7 6. Be3 a6 7. Be2 Nf6 8. a3 Be7 9. Nb3 O-O 10. O-O d6 11. f4 b5 12. Bf3 Bb7 13. Qe1 {LiveBook: 5 Games} Nd7 {B85: Sicilian Scheveningen: 6 Be2 a6, lines with early Be3} 14. Rd1 Bc8 $146 ({Find the theoretical novelty and annotate with similar games:} 14... Nb6 15. Ne2 Nc4 16. Bc1 a5 17. Nbd4 b4 18. a4 Nxd4 19. Nxd4 d5 20. e5 Bc5 21. Kh1 {½-½ (53) Plane,B (2122)-Relange,E (2485) France 2000}) 1/2-1/2

[Event "DEN-ch Seniors 2018"]
[Site "Hvidovre"]
[Date "2018.02.15"]
[Round "4"]
[White "Sorensen, Ivan"]
[Black "Nielsen, Jan Torp"]
[Result "1-0"]
[WhiteElo "2039"]
[BlackElo "1819"]
[Annotator "NA RC"]
[PlyCount "95"]
[EventDate "2018.??.??"]
[EventType "tourn"]
[EventCountry "DEN"]
[SourceTitle "playchess.com"]
[Source "ChessBase"]
[SourceQuality "1"]
[TimeControl "40/5400+30:1800+30"]

{[%evp 8,95,23,28,31,0,43,-17,51,50,54,55,51,35,55,20,33,14,56,14,63,65,193,139,196,187,198,193,259,257,259,246,265,215,233,170,217,71,200,158,181,119,116,119,194,179,185,202,199,174,208,161,231,212,220,220,229,201,214,246,267,239,450,186,416,115,270,32767,253,32767,323,259,1114,464,444,493,433,478,479,477,455,464,443,424,407,32767,397,350,516,664]} 1. d4 {[%emt 0:00:00]} Nf6 {[%emt 0:01:51]} 2. c4 {[%emt 0:00:00]} g6 {[%emt 0:00:15]} 3. Nc3 {[%emt 0:00:00]} d5 {[%emt 0:00:22]} 4. Bf4 {[%emt 0:00:51]} Bg7 {[%emt 0:00:54]} 5. e3 {[%emt 0:00:04]} O-O {[%emt 0:00:47] LiveBook: 927 Games} 6. Qb3 {[%emt 0:02:32]} e6 {[%emt 0:03:59] D83: Grünfeld: 4 Bf4 Bg7 5 e3 0-0} (6... dxc4 7. Bxc4 c5 8. dxc5 Qa5 9. Nf3 Ne4 10. O-O Nxc5 11. Qc2 Nc6 12. a3 Bxc3 13. b4 Nxb4 14. Qxc3 Nc6 15. Qb2 Na4 {½-½ (15) Mahling,T (2570)-Svacek,P (2565) ICCF email 2014}) 7. h3 {[%emt 0:03:26]} (7. Nf3 $14) 7... c6 {[%emt 0:08:12]} (7... c5 $11) 8. Nf3 {[%emt 0:03:46]} Nbd7 {[%emt 0:00:46]} 9. Be2 {[%emt 0:04:26]} dxc4 {[%emt 0:01:45]} 10. Bxc4 {[%emt 0:01:06]} Nb6 {[%emt 0:00:28]} 11. Be2 {[%emt 0:00:56]} Nbd5 {[%emt 0:01:51]} 12. Bh2 {[%emt 0:04:58]} Qb6 {[%emt 0:03:09]} 13. Qc2 {[%emt 0:15:08]} Bd7 $146 {[%emt 0:03:02]} ({Find the theoretical novelty and annotate with similar games:} 13... Re8 14. O-O Nxc3 15. bxc3 Qa5 {1-0 (31) Cazzaniga,W (2104)-Cartella,G (1937) Milan 2005}) 14. O-O {[%emt 0:00:34]} Rac8 {[%emt 0:00:34]} (14... c5 $14) 15. Bd6 {[%emt 0:06:41]} Rfe8 {[%emt 0:03:21] [#]} 16. Na4 $1 {[%emt 0:03:48]} Qd8 {[%emt 0:09:49] [#]} 17. Nc5 $1 {[%emt 0:06:24]} b5 {[%emt 0:06:37]} (17... e5 {might work better.}) 18. e4 {[%emt 0:07:04]} Ne7 {[%emt 0:03:00]} 19. Qd2 {[%emt 0:14:49]} Ra8 {[%emt 0:06:51]} 20. g4 {[%emt 0:03:18]} Bc8 {[%emt 0:03:29]} 21. Qf4 {[%emt 0:01:53]} Rf8 {[%emt 0:03:37]} 22. Bc7 {[%emt 0:07:50]} (22. Be5 $18 {bietet bessere Gewinnchancen.} Nd7 23. Bxg7 Kxg7 24. g5 (24. Nxd7 Bxd7 25. g5 f6 $18)) 22... Qe8 {[%emt 0:00:36]} ({Black should play} 22... Nfd5 $14 23. exd5 (23. Bxd8 Nxf4 24. Bxe7 Nxe2+ 25. Kg2 Re8 $11) 23... Nxd5 24. Qxf7+ (24. Bxd8 Nxf4 25. Bxb5 Rxd8 $17) 24... Kxf7 25. Bxd8 Rxd8) 23. Qd6 {[%emt 0:03:05]} Nd7 {[%emt 0:04:25]} 24. Rac1 {[%emt 0:01:15]} Nxc5 {[%emt 0:01:55]} 25. Qxc5 {[%emt 0:00:13]} Bb7 {[%emt 0:11:41]} (25... f6 $16 26. Rfe1 Bb7) 26. Bd6 {[%emt 0:01:15]} Nc8 {[%emt 0:00:11]} 27. Bxf8 {[%emt 0:00:27]} Bxf8 {[%emt 0:00:14]} 28. Qc2 {[%emt 0:00:20]} a5 {[%emt 0:06:03]} 29. Ne5 {[%emt 0:00:55]} Ne7 {[%emt 0:01:03]} (29... Nd6 $142 30. g5 (30. Nxc6 Bh6 $18) 30... Bg7) 30. Nd3 {[%emt 0:01:36]} Bg7 {[%emt 0:01:11]} 31. Nc5 {[%emt 0:00:23]} Qb8 {[%emt 0:03:06]} 32. Rcd1 {[%emt 0:00:30]} Bc8 {[%emt 0:00:55]} 33. Qd2 {[%emt 0:00:40]} f5 {[%emt 0:01:09]} 34. Bf3 {[%emt 0:01:24]} e5 $2 {[%emt 0:02:09]} (34... fxe4 35. Bg2 (35. Nxe4 Nd5 $18) 35... Nd5) 35. d5 {[%emt 0:01:52]} (35. exf5 $142 gxf5 36. dxe5 Qxe5 37. Qd8+ Bf8 38. Nd7 Bxd7 39. Qxa8 fxg4 40. hxg4 (40. Rxd7 gxf3 41. Rfd1 Qg7+ 42. Kf1 Qg2+ 43. Ke1 Qg1+ 44. Kd2 Qxf2+ 45. Kc1 Qc5+ 46. Kb1 Qf5+ 47. Kc1 Qf4+ 48. Kb1 f2 $17)) 35... cxd5 $2 {[%emt 0:00:19]} (35... Qd6 36. Ne6 f4 37. Nxg7 Kxg7) 36. gxf5 $2 {[%emt 0:01:11]} (36. exf5 $18 {and the rest is easy.} Bb7 37. Nxb7 Qxb7 {[#]} 38. Qxd5+ $1 {[%mdl 512]} Nxd5 39. Bxd5+ Qxd5 40. Rxd5) 36... gxf5 $2 {[%emt 0:00:20]} (36... Qd6 $16) 37. exf5 {[%emt 0:00:35]} e4 {[%emt 0:01:40] [#]} 38. Bg4 $2 {[%emt 0:00:35]} (38. Nxe4 $1 $18 dxe4 39. Qd8+ (39. Bxe4 Bb7 $16) 39... Bf8 40. f6 (40. Bxe4 Bb7 $18)) 38... h5 $2 {[%emt 0:03:55]} (38... Qe5 $14) 39. Qg5 {[%emt 0:01:43]} hxg4 $2 {[%emt 0:00:39]} (39... Qe5) 40. Qxe7 {[%emt 0:00:00]} (40. f6 $142 {[%csl Gf6][%cal Rg5g7]} Nf5 41. Rxd5) 40... Bxf5 {[%emt 0:02:30]} 41. Rxd5 {[%emt 0:05:09]} Qf4 {[%emt 0:02:49]} 42. Ne6 {[%emt 0:06:21]} Bxe6 {[%emt 0:03:46]} 43. Qxe6+ {[%emt 0:00:11]} Qf7 {[%emt 0:04:01]} 44. Qxf7+ {[%emt 0:02:38]} Kxf7 {[%emt 0:00:12]} 45. Rxb5 {[%emt 0:01:24]} gxh3 {[%emt 0:00:44]} 46. Kh2 {[%emt 0:01:15]} Rh8 $18 {[%emt 0:02:10]} 47. Re1 {[%emt 0:01:39]} Bd4 {[%emt 0:00:56]} 48. Rxe4 {[%emt 0:00:31]} 1-0

[Event "DEN-ch Seniors 2018"]
[Site "Hvidovre"]
[Date "2018.02.15"]
[Round "4"]
[White "Hald, Jens Erik Kofoed"]
[Black "Hansen, Lars-Henrik Bech"]
[Result "1/2-1/2"]
[WhiteElo "1983"]
[BlackElo "1972"]
[Annotator "NA RC"]
[PlyCount "50"]
[EventDate "2018.??.??"]
[EventType "tourn"]
[EventCountry "DEN"]
[SourceTitle "playchess.com"]
[Source "ChessBase"]
[SourceQuality "1"]
[TimeControl "40/5400+30:1800+30"]

{[%evp 8,50,35,-5,6,8,8,10,27,-2,50,50,114,100,100,78,107,61,79,20,87,-66,67,58,46,-34,0,-98,-26,-71,155,198,200,35,758,822,793,0,0,0,0,-2,0,0,0]} 1. e4 {[%emt 0:00:00]} d6 {[%emt 0:01:30]} 2. Bc4 {[%emt 0:00:25]} Nf6 {[%emt 0:00:51]} 3. d3 {[%emt 0:00:18]} d5 {[%emt 0:00:31]} 4. exd5 {[%emt 0:01:13]} Nxd5 {[%emt 0:00:04]} 5. Bg5 {[%emt 0:04:16]} c6 {[%emt 0:00:51]} 6. Nc3 {[%emt 0:05:51]} Nxc3 {[%emt 0:07:40]} 7. bxc3 {[%emt 0:01:28]} Qa5 {[%emt 0:00:05]} 8. Qd2 {[%emt 0:01:04]} Qe5+ {[%emt 0:00:49]} 9. Ne2 {[%emt 0:01:44]} Bg4 {[%emt 0:08:25]} (9... e6 $14) 10. d4 {[%emt 0:04:18]} Qa5 {[%emt 0:06:26]} 11. O-O {[%emt 0:01:44]} Nd7 {[%emt 0:05:10]} 12. Rfe1 {[%emt 0:03:22]} e6 {[%emt 0:00:18]} 13. h3 {[%emt 0:02:18]} (13. Ng3 $16) 13... Bf5 {[%emt 0:04:06]} 14. Nf4 $2 {[%emt 0:15:00]} ({White should play} 14. Ng3 $16 Nb6 15. Bd3 (15. Nxf5 Nxc4 16. Qd3 Nd6 $14) 15... Bxd3 16. cxd3) 14... Nf6 {[%emt 0:09:10]} (14... h6 $17 15. Nxe6 fxe6) 15. Bxf6 {[%emt 0:06:16]} gxf6 {[%emt 0:00:06]} 16. g4 {[%emt 0:04:28]} (16. Nh5 $1 $14 O-O-O 17. Nxf6) 16... Bh6 {[%emt 0:00:28]} 17. Qe3 {[%emt 0:03:51]} (17. gxf5 $11 {keeps the balance.} Rg8+ 18. Kf1 (18. Kh1 Qxf5 19. Qe2 Bxf4 $17) 18... Qxf5 19. Rxe6+ Kf8 20. Qd3 Qxf4 21. Re4) 17... Rg8 {[%emt 0:01:57]} 18. Qf3 {[%emt 0:02:31]} Bxg4 $2 {[%emt 0:00:18]} (18... O-O-O $17 19. Ne2 Rd7) 19. hxg4 {[%emt 0:01:07]} Qf5 {[%emt 0:00:05] [#]} 20. Rxe6+ {[%emt 0:06:53]} (20. Nxe6 $1 $16 Rxg4+ 21. Kf1 Qxf3 22. Ng5+ Qe3 23. Rxe3+ (23. fxe3 Bxg5 24. Ke2 Rg2+ 25. Kf3 Rxc2 $17) 23... Kf8 24. Nxh7+ Kg7 25. Re7 Kxh7 26. Rxf7+ (26. Rxb7 Rh4 $18) 26... Kg6 27. Rxb7) 20... Kd8 $2 {[%emt 0:06:04]} (20... fxe6 $14 21. Bxe6 Rxg4+ 22. Qxg4 Qxg4+ 23. Bxg4 Bxf4) 21. Rd6+ {[%emt 0:04:34]} Kc8 {[%emt 0:03:28] [#]} 22. Rd8+ $11 {[%emt 0:03:52]} (22. Rxc6+ $1 $18 Kb8 (22... bxc6 23. Qxc6+) 23. Rb1 Qxg4+ 24. Qxg4 Rxg4+ 25. Ng2) 22... Kxd8 {[%emt 0:00:43]} 23. Ne6+ $1 {[%emt 0:01:37]} fxe6 {[%emt 0:00:04]} 24. Qxf5 {[%emt 0:00:13]} exf5 {[%emt 0:00:12]} 25. Bxg8 {[%emt 0:00:13]} fxg4 {[%emt 0:00:58]} 1/2-1/2

[Event "DEN-ch Seniors 2018"]
[Site "Hvidovre"]
[Date "2018.02.15"]
[Round "4"]
[White "Marshall, Michael"]
[Black "Rosenlund, Thorbjorn"]
[Result "1-0"]
[WhiteElo "1826"]
[BlackElo "2245"]
[Annotator "TA"]
[PlyCount "83"]
[EventDate "2018.??.??"]
[EventType "tourn"]
[EventCountry "DEN"]
[SourceTitle "playchess.com"]
[Source "ChessBase"]
[SourceQuality "1"]

{[%evp 11,83,0,37,0,0,-2,0,0,0,0,19,24,15,0,43,0,0,0,0,0,0,0,0,-32,0,-14,31,27,66,54,55,43,68,17,33,0,0,-42,-18,-18,30,21,31,26,62,0,0,0,0,-18,0,0,0,0,0,0,0,0,0,0,0,0,0,0,0,0,0,0,0,0,780,772,6512,-80]} 1. d4 g6 2. Bf4 Bg7 3. e3 d6 4. Nf3 Nd7 5. h3 e5 6. Bh2 Ne7 7. Be2 {A41: 1 d4 d6: Tartakower System and Modern Defence} O-O 8. O-O Nf5 (8... b6 9. c4 Bb7 10. Nc3 h6 11. Rc1 g5 12. b4 Ng6 13. dxe5 dxe5 14. Qc2 a5 {½-½ (56) Grachev,B (2654)-Fedoseev,V (2731) Sochi 2017}) 9. dxe5 {The position is equal.} dxe5 10. Nc3 c6 $146 ({Predecessor:} 10... Re8 11. Qd2 Nd6 12. Rad1 b6 13. Nb5 Re6 14. Nxd6 Rxd6 {½-½ (30) Zimmer,R (2275)-Ott,F (2270) Germany 1991}) 11. Ne4 Qe7 12. c3 a5 13. a4 Nc5 14. Nxc5 Qxc5 15. e4 Nd6 16. Qc2 Be6 17. Nd2 f6 18. Kh1 Rfd8 19. Bg1 Nf7 20. f3 Qe7 21. Rad1 Nd6 22. b3 ({White should play} 22. c4 $14) 22... Bh6 23. c4 Nf7 24. Bd3 Rd7 25. c5 Bxd2 26. Rxd2 Rad8 27. Rfd1 f5 28. Be3 (28. exf5 $14 gxf5 29. Bf2) 28... f4 $11 29. Bf2 g5 30. Bc4 (30. Be2 {is more complex.} Rxd2 31. Rxd2 h5 32. Rd1 Rxd1+ 33. Qxd1 Kg7 34. Kg1) 30... h5 31. Rxd7 Rxd7 32. Rxd7 Qxd7 33. Bxe6 Qxe6 34. Qd3 g4 35. hxg4 hxg4 36. fxg4 Qxg4 37. Be1 Ng5 38. Qd8+ Kf7 39. Qc7+ Kf6 {[#] White must now prevent ...f3.} 40. Qd6+ ({Wrong is} 40. Qxb7 $2 Qd1 $19) 40... Qe6 $2 {[%mdl 8192]} (40... Kf7 $11 41. Qc7+ (41. Qxe5 $2 Qh5+ 42. Bh4 Qxh4+ $19) 41... Kf6) 41. Bh4 $18 Kg6 42. Be1 $2 {[%mdl 32768] Precision: White = 57%, Black = 43%. . Loss on Time!?} ({Only move:} 42. Bxg5 $1 $18 Kf7 43. Qxe6+ Kxe6 44. Bd8) 1-0

[Event "DEN-ch Seniors 2018"]
[Site "Hvidovre"]
[Date "2018.02.16"]
[Round "5"]
[White "Rosenlund, Thorbjorn"]
[Black "Overmark, Ole"]
[Result "1-0"]
[WhiteElo "2245"]
[BlackElo "1759"]
[Annotator "TA"]
[PlyCount "99"]
[EventDate "2018.??.??"]
[EventType "tourn"]
[EventCountry "DEN"]
[SourceTitle "playchess.com"]
[Source "ChessBase"]
[SourceQuality "1"]

{[%evp 12,99,-8,0,41,23,67,34,39,39,65,25,79,-1,53,49,53,76,125,125,133,120,287,269,276,278,356,387,411,388,375,385,377,208,203,196,209,169,187,183,179,161,275,297,464,246,589,579,542,528,528,485,471,402,452,422,381,368,370,348,434,352,337,325,343,247,419,411,327,261,443,436,524,520,505,496,460,441,951,899,29947,1859,29986,29987,29988,29989,29978,29979,29979,29980]} 1. d4 Nf6 2. c4 c5 3. e3 cxd4 4. exd4 g6 5. Nc3 Bg7 6. Nf3 d5 7. Bg5 e6 {B14: Caro-Kann: Panov-Botvinnik Attack with 5...e6 and 5...g6} (7... Ne4 8. cxd5 Nxg5 9. Nxg5 e5 10. Nf3 exd4 11. Nxd4 O-O 12. Qd2 Nc6 13. Nc2 Ne7 14. Bc4 b5 15. Nxb5 Bxb2 16. Rb1 Be5 17. f4 {½-½ (47) Nyzhnyk,I (2612)-Gordievsky,D (2613) Las Vegas 2017}) 8. c5 Qa5 $146 ({Predecessor:} 8... O-O 9. Bd3 a6 10. O-O Nc6 11. a3 Re8 12. Re1 Qc7 13. Qd2 Nd7 14. Bf1 {1-0 (27) De Souza,I (2188)-Cardoso,J (1742) Pocos de Caldas 2014}) 9. Bd2 {Nb5 is the strong threat.} Qd8 {White is slightly better.} 10. Bd3 O-O 11. b4 a6 (11... Nc6 $11 {keeps the balance.}) 12. Bg5 (12. Rb1 $16) 12... Qc7 (12... Nc6 $11) 13. Qd2 $36 {[%mdl 2048] White has some pressure.} Nc6 14. Rb1 Re8 15. O-O b5 16. Bf4 {[%cal Bg5f4,Bf4e3,Be3d4][%mdl 32]} e5 $2 (16... Qe7 $16 17. Rfe1 Bb7) 17. dxe5 $18 Nh5 18. Nxd5 Qd7 19. Nb6 Qg4 20. Be3 (20. Nxa8 $2 Nxf4 21. Ne1 Nxe5 $19) 20... Rb8 21. h3 Qe6 22. Nd4 (22. Rfe1 $142) 22... Nxd4 23. Bxd4 Bb7 24. Rfe1 Rbd8 {[#]} 25. Be4 $1 {[%cal Re4b7]} Bxe4 26. Rxe4 Bxe5 (26... Qc6 $142 27. Rbe1 f5) 27. Rbe1 {[%cal Re4e5]} (27. Rxe5 Qxe5 28. Bxe5 Rxd2 $17) 27... Qf6 (27... Bxd4 {keeps fighting.} 28. Rxe6 fxe6) 28. Qe3 (28. Rxe5 Rxe5 29. Rxe5 (29. Bxe5 Rxd2 30. Bxf6 Nxf6 $18) 29... Qxe5 $18) (28. Qc3 $142 Rxd4 29. Rxd4 Bh2+ 30. Kxh2 Rxe1 31. c6 (31. Qxe1 Qxd4 32. Qe3 Qd8 $18)) 28... Bxd4 $2 (28... Rxd4 {is tougher.} 29. Rxd4 (29. Rxe5 Rxe5 30. Qxe5 Qxe5 $14) 29... Bh2+ 30. Kxh2 Rxe3 31. fxe3 Qf2) 29. Rxe8+ Rxe8 30. Qxe8+ Kg7 31. Qe2 Nf4 32. Qe4 Nxh3+ 33. gxh3 Bxf2+ 34. Kg2 {Threatens to win with Nd5.} Bxe1 35. Qxe1 Qb2+ 36. Kh1 Qd4 37. a3 h5 38. Qe2 Qa1+ $2 (38... a5 39. Qe1 (39. Qxb5 Qe4+ 40. Kg1 Qe3+ 41. Kg2 Qg5+ 42. Kf3 Qf6+ 43. Ke4 Qe6+ 44. Kd4 Qf6+ 45. Ke3 Qe6+ 46. Kd3 axb4 $18) (39. bxa5 Qxc5 40. Qd3 Qc1+ 41. Kg2 Qb2+ 42. Kf3 Qf6+ 43. Ke3 Qe5+ 44. Kf3 Qe6 $18) 39... a4) 39. Kg2 Qd4 40. Nc8 Qd5+ $2 (40... Qf6 {was called for.} 41. Nd6 Qg5+ 42. Kf3 Qf6+ 43. Ke3 Qa1) 41. Kh2 Qf5 42. Nd6 Qf4+ 43. Kg2 Qg5+ 44. Kf3 h4 (44... Qf6+ $142 45. Ke3 Qa1) 45. Ke4 f5+ 46. Kd4 (46. Kd5 $142 f4+ 47. Qe5+ Qxe5+ 48. Kxe5 f3 49. Ne4 g5 50. c6 g4 51. hxg4) 46... Qf4+ 47. Kd5 {White mates.} Qg5 48. Qe5+ Kh7 {[#]} 49. Qh8+ $3 {[%mdl 512]} Kxh8 50. Nf7+ {Precision: White = 53%, Black = 30%.} 1-0

[Event "DEN-ch Seniors 2018"]
[Site "Hvidovre"]
[Date "2018.02.16"]
[Round "5"]
[White "Lindestrom, Torsten"]
[Black "Lilja, Richard"]
[Result "1-0"]
[WhiteElo "2194"]
[BlackElo "2086"]
[Annotator "TA"]
[PlyCount "87"]
[EventDate "2018.??.??"]
[EventType "tourn"]
[EventCountry "DEN"]
[SourceTitle "playchess.com"]
[Source "ChessBase"]
[SourceQuality "1"]

{[%evp 11,87,68,58,46,69,49,65,64,58,0,0,0,0,-2,-10,-25,11,10,83,68,64,73,101,20,131,129,122,119,119,133,226,208,308,313,366,371,529,535,533,531,564,567,556,480,1310,777,734,456,702,702,697,692,656,633,907,918,902,718,1702,1612,1585,1596,1596,1587,1552,1548,29990,5214,2708,2178,29990,29991,29991,29986,29986,29986,29986,5489]} 1. d4 g6 2. c4 Nf6 3. f3 c5 4. d5 d6 5. Nc3 Na6 6. e4 Bg7 {LiveBook: 9 Games} 7. Be3 {E80: King's Indian: Sämisch: Lines without early ...0-0} (7. Nge2 Nc7 8. Ng3 Bd7 9. a4 b6 10. Be2 a6 11. Bf4 O-O 12. O-O Nfe8 13. Qd2 Rb8 14. Bh6 Bd4+ {0-1 (56) Vegh,E (2248)-Nemeth,Z (2296) Budapest 2016}) 7... Bd7 8. Qd2 Rb8 $146 ({Find the theoretical novelty and annotate with similar games:} 8... Qa5 9. Nge2 Nc7 10. Nc1 Rb8 11. e5 Ng8 12. Nb3 Qb6 13. exd6 exd6 14. Ne4 Nf6 {1-0 (33) Ton,N (2006)-Nguyen,H (1872) Ho Chi Minh City 2015}) 9. Bd3 {White is slightly better.} Nc7 10. e5 ({White should try} 10. a4 $14) 10... dxe5 $11 11. Bxc5 b6 12. Be3 O-O 13. Nge2 a6 14. O-O b5 (14... e6 $11) 15. b3 $16 Nfe8 16. Rad1 f5 17. Bh6 (17. Ba7 $16) 17... Nf6 (17... b4 $11) 18. Bxg7 Kxg7 {[#]} 19. Qe3 $1 $36 {[%mdl 2048] White is really pushing.} b4 20. Nb1 ({Reject} 20. Qxe5 $6 bxc3 21. Nxc3 Kg8 $11) 20... e6 (20... a5 $16 21. Qxe5 Na6) 21. d6 $18 ({Not} 21. Qxe5 exd5 22. Qg3 Re8 $14) 21... Nce8 (21... e4 {was called for.}) 22. Qxe5 Qb6+ 23. c5 Qa5 (23... Qa7 $142 24. Rc1 Qb7) 24. Nd4 Rc8 25. Rc1 Kf7 26. Rfe1 Ng7 27. c6 Qxa2 (27... Qxe5 $142 28. Rxe5 Nge8 29. Bxa6 Nxd6 30. Bxc8 Bxc8) 28. cxd7 Nxd7 29. Qe2 Qa1 (29... Qxe2 $142 30. Bxe2 Rxc1 31. Rxc1 e5) 30. Nxe6 Rxc1 31. Ng5+ {[%cal Be6g5,Bg5f7,Bf7d6][%mdl 32]} (31. Rxc1 Nxe6 32. Bc4 Qe5 $16) 31... Kg8 32. Rxc1 Ne5 {Black hopes to continue with ...Qd4+.} 33. Bc4+ Kh8 34. Rd1 Re8 35. d7 Nxd7 36. Nf7+ Kg8 37. Nd6+ Kf8 38. Nxe8 Nxe8 39. Qe6 (39. Rxd7 $142 Qf6 40. Qe3 Nd6 41. Qc5 g5 42. Rxd6 Qxd6 43. Qxd6+ Kg7 44. Qe7+ Kg6 45. Bg8 g4 46. f4 h6 47. Qf7#) 39... Ne5 40. Re1 Nxc4 41. Qxe8+ {White mates.} Kg7 42. Qe7+ Kh6 43. Qh4+ Kg7 44. Qxc4 {Precision: White = 55%, Black = 31%.} (44. bxc4 $142 h5 45. c5 Qb2 46. c6 Kh6 47. Qf4+ Kg7 48. Re7+ Kf8 49. Qd6) 1-0

[Event "DEN-ch Seniors 2018"]
[Site "Hvidovre"]
[Date "2018.02.16"]
[Round "5"]
[White "Petersen, Peter Birk"]
[Black "Sorensen, Ivan"]
[Result "1-0"]
[WhiteElo "2130"]
[BlackElo "2039"]
[Annotator "NA RC"]
[PlyCount "49"]
[EventDate "2018.??.??"]
[EventType "tourn"]
[EventCountry "DEN"]
[SourceTitle "playchess.com"]
[Source "ChessBase"]
[SourceQuality "1"]
[TimeControl "40/5400+30:1800+30"]

{[%evp 12,47,24,21,10,32767,32767,15,14,-15,11,8,32767,20,8,0,-6,32767,43,5,32767,32767,78,43,30,31,32767,32767,185,194,374,645,1308,1457,29988,29989,29989,29990]} 1. e4 c5 2. Nf3 Nc6 3. d4 cxd4 4. Nxd4 Nf6 5. Nc3 d6 6. Bc4 e6 7. Be3 Be7 8. Qe2 a6 9. O-O-O Qc7 10. Bb3 Na5 11. g4 b5 12. g5 Nxb3+ {LiveBook: 268 Games} 13. axb3 Nd7 14. h4 Bb7 (14... b4 $15 15. Na4 Bb7) 15. f3 Nb6 16. h5 b4 17. Na4 Nxa4 18. bxa4 Qa5 19. g6 O-O (19... Qxa4 $16 20. Kb1 Bf6) 20. h6 hxg6 $2 (20... fxg6 {was necessary.} 21. hxg7 (21. Nxe6 Rfc8 $14) 21... Rf6) 21. hxg7 Rfc8 {[#]} 22. Nf5 $1 exf5 23. Qh2 Kxg7 24. Bd4+ Bf6 25. Qh6+ {Be7 Qh2+ f6} 1-0